000 00727nam a2200313Ia 4500
005 20260127113021.0
008 008 260114s9999 xx 000 0 eng d
020 _a9780415776646
037 _aTextbook
040 _aPSDL
040 _beng
040 _cPSDL
041 _2eng
041 _aeng
084 _aWv Q1
084 _qPSDL
100 _aGould, William
_91109023
245 0 _aBureaucracy, Community and Influence in India
245 0 _cGould, William
260 _aLondon
260 _bRoutledge
260 _c2011
300 _a217p.
490 _aRoutledge Studies in South Asian History
942 _cTB
942 _hWv Q1
999 _c1674527
_d1674527